| 000 | 00840nam a2200277Ia 4500 | ||
|---|---|---|---|
| 005 | 20250425162001.0 | ||
| 008 | 250425s9999 xx 000 0 und d | ||
| 020 | _a9586990028 | ||
| 041 | _aspa | ||
| 082 |
_a001.42 _pBER |
||
| 100 | _aBernal Torres, Cesar Augusto | ||
| 245 | 0 |
_aMetodología de la investigación para administración y economia _cCesar Augusto Bernal |
|
| 250 | _aPrimera edición | ||
| 260 |
_aColombia _bPearson Educación _c2000 |
||
| 300 |
_a262 página _bilustración _c25 cm |
||
| 500 | _aIncluye indice | ||
| 504 | _abibliografía | ||
| 650 | _aInvestigación | ||
| 650 | _aInvestigación científica | ||
| 650 | _aMétodo de investigación | ||
| 650 | _aMETODOS DE INVESTIGACION | ||
| 650 | _aTécnicas de investigación | ||
| 902 |
_aMonográfico _cImpresión |
||
| 942 | _c01 | ||
| 010 | _a38702 | ||
| 999 |
_c220120 _d220120 |
||